000 03147 a2200217 4500
008 260325b mx ||||| |||| 00| 0 spa d
020 _a9789701514146
040 _aITMILPAALATA
_bspa
_cTecNM
050 0 0 _aQA76.76 .H94 2008
100 _aMartin Antonio
245 _aSTRUTS /
_cMartin Antonio
260 _bAlfaomega
_aMexico:
_c2008.
300 _a294 paginas:
_bcontiene ilustraciones;
_c24 cm
504 _aAntonio J. Martín Sierra es un informático, docente y autor español especializado en el desarrollo de software y arquitecturas web. Es muy conocido en el ámbito académico y profesional de habla hispana por haber escrito numerosos manuales técnicos y guías de estudio, enfocándose principalmente en el ecosistema Java. Entre sus obras más destacadas, además de Struts, se encuentran libros sobre AJAX en J2EE y guías prácticas para la certificación oficial de programadores Java 2. Su estilo se caracteriza por ser muy didáctico, orientando sus textos tanto a profesionales como a estudiantes universitarios.
505 _aRÓLOGO CAPÍTULO 1. LA ARQUITECTURA MODELO VISTA CONTROLADOR 1.1 El patrón MVC 1.1.1 El controlador 1.1.2 La vista 1.1.3 El modelo 1.2 Funcionamiento de una aplicación MVC CAPÍTULO 2. EL FRAMEWORK STRUTS 2.1 Fundamentos de Struts 2.2 Componentes de Struts 2.2.1 Archivos de configuración 2.2.2 El API de Struts 2.2.3 Librerías de acciones JSP 2.3 Funcionamiento de una aplicación Struts CAPÍTULO 3. DESARROLLO DE UNA APLICACIÓN CON STRUTS 3.1 Descarga e instalación del framework Struts 3.2 Aplicación práctica para validación y registro de usuarios 3.2.1 Funcionamiento de la aplicación 3.2.2 Esquema de la aplicación 3.2.3 Construcción de la aplicación CAPÍTULO 4. ANÁLISIS DEL API DE STRUTS Y VALIDACIÓN DE DATOS (Incluye el trabajo con el archivo struts-config.xml y las clases de validación) CAPÍTULO 5. INTRODUCCIÓN A STRUTS 2
520 _aStruts es un manual técnico, práctico y directo, diseñado para enseñar a los programadores cómo construir aplicaciones web robustas y escalables utilizando JavaEE. A finales de la década de los 2000, la complejidad de las aplicaciones web estaba aumentando drásticamente. El libro aborda este problema enseñando a utilizar Apache Struts, que en su momento era el framework (marco de trabajo) más popular para implementar el patrón de diseño MVC (Modelo-Vista-Controlador). La obra lleva al lector paso a paso: comienza explicando la teoría pura de cómo separar la lógica de negocio (el modelo) de la interfaz de usuario (la vista), y luego se sumerge en el código duro. A través de ejercicios prácticos, Martín Sierra enseña a configurar el entorno, utilizar las librerías JSP, gestionar las peticiones del usuario y validar datos, logrando que el desarrollador ahorre cientos de horas de programación al no tener que escribir el código de control desde cero.
942 _cLIB
_2ddc
_ePRIMERA EDICION
_n0
945 _a1262
_bJosé Antonio Albarrán Galván
_c1262
_dJosé Antonio Albarrán Galván
999 _c10726
_d10726